| 000 | 00611nam a22001577a 4500 | ||
|---|---|---|---|
| 999 |
_c534752 _d534752 |
||
| 020 | _qHard Cover. | ||
| 082 | _a628.05 | ||
| 100 | _aAhmed Khan, Waqas | ||
| 245 |
_aMONITORING AND COMPARING THE FORMALDEHYDE CONCENTRATION OVER ISLAMABAD AND PIR SOHAWA VALLEY BY EXPLOITING MAX-DOAS SATELLITE OBSERVATIONS / _c Waqas Ahmed Khan. |
||
| 260 |
_aIslamabad. _bIESE - NUST, _c2016. |
||
| 300 |
_ax, 50 p. ill. ; _c30cm. |
||
| 942 |
_2ddc _cTHE |
||
| 650 |
_aSciences in Environmental Science - MS Thesis. _929088 |
||
| 700 |
_aDr. Muhammd Fahim Khokhar. _929089 |
||